000 00598nam a2200181 a 4500
001 000036641
005 20200930075840.0
008 120123s1994 dr a 000 0 spa d
040 _aDO-SdBNP
_bspa
_cBNPHU
082 _axxxx
_bxxxx
100 1 _aMiolan, Angel
_910047
245 1 0 _aTurismo :
_bnuestra industria sin chimeneas /
_cAngel Miolan.
250 _a3a. ed. ampliada
260 _aSanto Domingo, :
_bLetras de quisqueya,
_c1994.
300 _a22 cm. :
_bil. ;
_c348 p.
504 _aBibliografías : p. 335-342
504 _aIncluye referencias bibliográficas y notas al pie de las páginas
999 _c36132
_d36132